Logos with Globes Quiz Stats

 Plays Quiz Updated Sep 17, 2016

Also try: Logos with Crowns
Challenge
Share
Tweet
Score 0/12 Timer 04:00
7 Plays Today
% Correct
Firefox
96.4%
Wikipedia
95.7%
Sporcle
87.7%
Discovery Channel
83.3%
AT&T
81.9%
UNICEF
78.8%
Expedia
61.2%
Universal
59.7%
United Airlines
58.1%
Xerox
53.8%
Boeing
37%
PepsiCo
9.5%

You're not logged in!

Compare scores with friends on all Sporcle quizzes.
OR
Log In

You Might Also Like...

Show Comments

Extras

Top Quizzes Today


Score Distribution

Your Account Isn't Verified!

In order to create a playlist on Sporcle, you need to verify the email address you used during registration. Go to your Sporcle Settings to finish the process.

Report this User

Report this user for behavior that violates our Community Guidelines.

Details: